| 000 | 01259nam a22003017a 4500 | ||
|---|---|---|---|
| 003 | BD-DhSAU | ||
| 005 | 20190102103925.0 | ||
| 008 | 160718b2017 bg ||||| |||| 001 0 eng d | ||
| 040 | _aBD-DhSAU | ||
| 082 |
_222 _a581.35 _bSh17 |
||
| 100 |
_a Shams , Nahid Benth _eRegistration No # 11-04272 |
||
| 245 |
_aEvaluation of 15 populations of Brassica rapa L. based on Morphological and Biochemical traits /
_c Shams , Nahid Benth _bMs Thesis |
||
| 260 |
_aSher-e-Bangla Agricultural University : _bDepartment of Genetics and Plant Breeding, _c2017. |
||
| 300 |
_axiii, 101 p. : _bill. ; _c30 cm. |
||
| 500 | _aMS thesis of Department of Genetics and Plant Breeding, Faculty of Agriculture, Sher-e-Bangla Agricultural University, Dhaka, Bangladesh | ||
| 504 | _aIncludes bibliographical references. | ||
| 590 | _aShofi | ||
| 650 | _aGenetics and Plant Breeding | ||
| 650 | _aEvaluation | ||
| 650 | _a Brassica rapa L. | ||
| 650 | _aMorphological | ||
| 650 | _a Biochemical | ||
| 650 | _aTraits | ||
| 700 |
_a Bhuiyan , Md. Shahidur Rashid _eSuperviser |
||
| 700 |
_aRahman , Jamilur _eCo-superviser |
||
| 856 |
_uhttp://archive.saulibrary.edu.bd:8080/xmlui/handle/123456789/1952 _yOnline Access |
||
| 942 |
_2ddc _cTHESIS |
||
| 999 |
_c14520 _d14519 |
||